Obálka
Pro půjčování e-knih musíte být přihlášeni.
Jak si půjčit online?

Pohádky o princeznách /

Devět moderních pohádek o "všelijakých" princeznách, které vypráví hodný dědeček své vnučce Sáře.

Uloženo v:
Hlavní autor: Zacharník, František, 1939- (Autor)
Další autoři: Jirásek, Ondřej, 1964- (Autor), Riedlová, Sandra, 1976- (Režisér), Junák, Zdeněk, 1951- (Vypravěč-komentátor)
Médium: E-audiokniha
Jazyk:Czech
Vydáno: Praha : CPress, [2018]
Témata:
Tagy:
Žádné tagy
LEADER 02785nim a2200673 i 4500
001 313012
003 CZ PrSKC
005 20260601215733.0
007 sd fungnnmmned
008 190613t20182018xr nnnng z n cze
015 |a cnb003102576 
024 3 |a 8594050425156 
040 |a ABA001  |b cze  |e rda 
072 7 |a 821.162.3-3  |x Česká próza  |2 Konspekt 
072 7 |a 821-93  |x Literatura pro děti a mládež (beletrie)  |2 Konspekt 
080 |a 821.162.3-34  |2 MRF 
080 |a (0:82-34)  |2 MRF 
080 |a (086.7.053.2)  |2 MRF 
080 |a (086.7)08  |2 MRF 
080 |a (086.76)  |2 MRF 
100 1 |a Zacharník, František,  |d 1939-  |7 jo20010085073  |4 aut 
245 1 0 |a Pohádky o princeznách /  |c František Zacharník 
264 1 |a Praha :  |b CPress,  |c [2018] 
264 4 |c ©2018 
300 |a 1 audiodisk (1 hod., 23 min.) ;  |c 12 cm 
306 |a 012300 
336 |a mluvené slovo  |b spw  |2 rdacontent 
337 |a audio  |b s  |2 rdamedia 
338 |a audiodisk  |b sd  |2 rdacarrier 
344 |a digital  |b optical  |2 rda 
347 |a audio soubor  |b MP3  |2 rda 
500 |a Název z disku 
500 |a Copyright Albatros Media 
500 |a Audiokniha na CD ve formátu MP3 
508 |a Režie Ondřej Jirásek 
511 0 |a Čte Sandra Riedlová a Zdeněk Junák 
518 |o Nahráno  |d únor 2018  |p Recording Studio Škroupova Brno 
520 2 |a Devět moderních pohádek o "všelijakých" princeznách, které vypráví hodný dědeček své vnučce Sáře. 
655 7 |a české pohádky  |7 fd133970  |2 czenas 
655 7 |a zvukové záznamy pro děti a mládež  |7 fd186726  |2 czenas 
655 7 |a audioknihy  |7 fd119452  |2 czenas 
655 7 |a kompaktní disky  |7 fd201991  |2 czenas 
700 1 |a Jirásek, Ondřej,  |d 1964-  |7 jn20020211007  |4 drt 
700 1 |a Riedlová, Sandra,  |d 1976-  |7 xx0236962  |4 nrt 
700 1 |a Junák, Zdeněk,  |d 1951-  |7 ola200200989  |4 nrt 
900 |a ABA001  |b 18 
044 |a xr 
505 0 0 |t O princezně Nespalíně (9 min., 21 sek.) 
505 0 0 |t O princezně Nejedlíně (9 min., 36 sek.) 
505 0 0 |t O princezně Žalobíně (6 min., 43 sek.) 
505 0 0 |t O princezně Bojínce (8 min., 49 sek.) 
505 0 0 |t O princezně Hralince (10 min., 42 sek.) 
505 0 0 |t O princezně, která pořád říkala ne (8 min., 43 sek.) 
505 0 0 |t O princezně Poztrácíně (6 min., 13 sek.) 
505 0 0 |t O princezně Písničce (20 min., 6 sek.) 
505 0 0 |t O princezně Hodníně (2 min., 50 sek.) 
910 |a RBIT002 
998 |d 206615  |a https://core.palmknihy.cz/api/books/206615/cover?s495h6  |b https://core.palmknihy.cz/api/books/206615/cover/400?s495h6  |c https://core.palmknihy.cz/api/books/206615/cover/50?s495h6  |e 2050-12-31  |i 8594050425156  |l 4980  |q 49  |r 1  |s https://www.palmknihy.cz/kniha/206615  |t audiobook  |y 2018  |z 0 
999 |d 313010